South Eastern Kenya University

Library Online Public Access Catalogue


Law & ethics for medical careers (Record no. 7270)

MARC details
000 -LEADER
fixed length control field 01363pam a2200373 a 4500
001 - CONTROL NUMBER
control field 4507262
003 - CONTROL NUMBER IDENTIFIER
control field OSt
005 - DATE AND TIME OF LATEST TRANSACTION
control field 20150727145320.0
008 - FIXED-LENGTH DATA ELEMENTS--GENERAL INFORMATION
fixed length control field 980707s1999 nyu b 001 0 eng c
010 ## - LIBRARY OF CONGRESS CONTROL NUMBER
LC control number 98029423
020 ## - INTERNATIONAL STANDARD BOOK NUMBER
International Standard Book Number 0028047559
040 ## - CATALOGING SOURCE
Original cataloging agency SEKU
050 00 - LIBRARY OF CONGRESS CALL NUMBER
Classification number R 725.5
Item number .J8 2003
100 1# - MAIN ENTRY--PERSONAL NAME
Personal name Judson, Karen,
Dates associated with a name 1941-
245 10 - TITLE STATEMENT
Title Law & ethics for medical careers
Statement of responsibility, etc. Karen Judson, Sharon Hicks.
246 30 - VARYING FORM OF TITLE
Title proper/short title Law and ethics for medical careers
250 ## - EDITION STATEMENT
Edition statement 3rd ed.
260 ## - PUBLICATION, DISTRIBUTION, ETC. (IMPRINT)
Place of publication, distribution, etc. New York, N.Y. :
Name of publisher, distributor, etc. Glencoe,
Date of publication, distribution, etc. c2003.
300 ## - PHYSICAL DESCRIPTION
Extent x, 262 p. ;
Dimensions 28 cm.
500 ## - GENERAL NOTE
General note Rev. ed. of: Law and ethics for health occupations. c1994.
500 ## - GENERAL NOTE
General note Includes index.
650 #0 - SUBJECT ADDED ENTRY--TOPICAL TERM
Topical term or geographic name as entry element Medical ethics.
650 #0 - SUBJECT ADDED ENTRY--TOPICAL TERM
Topical term or geographic name as entry element Medical jurisprudence.
650 #0 - SUBJECT ADDED ENTRY--TOPICAL TERM
Topical term or geographic name as entry element Medical assistants
General subdivision Professional ethics.
650 #0 - SUBJECT ADDED ENTRY--TOPICAL TERM
Topical term or geographic name as entry element Medical assistants
General subdivision Legal status, laws, etc.
650 12 - SUBJECT ADDED ENTRY--TOPICAL TERM
Topical term or geographic name as entry element Allied Health Personnel
Form subdivision programmed instruction.
650 22 - SUBJECT ADDED ENTRY--TOPICAL TERM
Topical term or geographic name as entry element Ethics, Medical
Form subdivision programmed instruction.
650 22 - SUBJECT ADDED ENTRY--TOPICAL TERM
Topical term or geographic name as entry element Legislation, Medical
Form subdivision programmed instruction.
700 1# - ADDED ENTRY--PERSONAL NAME
Personal name Hicks, Sharon,
Dates associated with a name 1953-
700 1# - ADDED ENTRY--PERSONAL NAME
Personal name Judson, Karen,
Dates associated with a name 1941-
Title of a work Law and ethics for health occupations.
856 42 - ELECTRONIC LOCATION AND ACCESS
Materials specified Publisher description
Uniform Resource Identifier <a href="http://www.loc.gov/catdir/description/mh031/98029423.html">http://www.loc.gov/catdir/description/mh031/98029423.html</a>
856 41 - ELECTRONIC LOCATION AND ACCESS
Materials specified Table of contents
Uniform Resource Identifier <a href="http://www.loc.gov/catdir/toc/mh031/98029423.html">http://www.loc.gov/catdir/toc/mh031/98029423.html</a>
942 ## - ADDED ENTRY ELEMENTS (KOHA)
Source of classification or shelving scheme Library of Congress Classification
Koha item type General circulation
Holdings
Withdrawn status Lost status Source of classification or shelving scheme Damaged status Not for loan Home library Current library Shelving location Date acquired Source of acquisition Total Checkouts Full call number Barcode Date last seen Price effective from Koha item type Public note
    Library of Congress Classification     Main Campus Library Main Campus Library General Stacks 27/07/2015 Donation-Books for Africa   R 725.5 .J8 2003 2015/004879 27/07/2015 27/07/2015 General circulation amk
Kitui, Kenya.
+254736116989
library@seku.ac.ke